Noem de getallen van 1 tot 25 in 4 talen - Statistieken

Algemene statistieken
  • Deze quiz is 43 keer genomen
  • De gemiddelde score is 85 van 100
Antwoordstatistieken
Hint Antwoord % Correct
Drie
100%
NL Een
100%
Twee
100%
Vier
100%
Vijf
100%
Zes
100%
Zeven
100%
Acht
97%
Achttien
97%
Dertien
97%
Elf
97%
Negen
97%
Negentien
97%
Tien
97%
Twaalf
97%
Twintig
97%
Veertien
97%
Vijftien
97%
Zestien
97%
Zeventien
97%
Eenentwintig
94%
Four
94%
ENG One
94%
Three
94%
Two
94%
Vijfentwintig
94%
Drei
92%
Drieëntwintig
92%
Eight
92%
Eleven
92%
Five
92%
Seven
92%
Six
92%
Ten
92%
Tweeentwintig
92%
Vierentwintig
92%
Fourteen
89%
Fünf
89%
Nine
89%
Thirteen
89%
Twelve
89%
D Eins
86%
Nineteen
86%
Quatre
86%
Seventeen
86%
Sixteen
86%
Trois
86%
Twenty
86%
Twenty-five
86%
Twenty-four
86%
Twenty-one
86%
Twenty-three
86%
Twenty-two
86%
Zwei
86%
Deux
83%
Eighteen
83%
Fifteen
83%
F Une
83%
Sept
81%
Cinq
78%
Dix
78%
Neuf
78%
Neun
78%
Zwanzig
78%
Douze
75%
Dreizehn
75%
Fünfzehn
75%
Huit
75%
Onze
75%
Quatorze
75%
Sechs
75%
Seize
75%
Vierzehn
75%
Zehn
75%
Achtzehn
72%
Neunzehn
72%
Dix-huit
72%
Dix-neuf
72%
Dix-sept
72%
Einundzwanzig
72%
Sieben
72%
Vingt
72%
Zwölf
72%
Dreiundzwanzig
69%
Fünfundzwanzig
69%
Sechzehn
69%
Treize
69%
Vierundzwanzig
69%
Zweiundzwanzig
69%
Quinze
67%
Siebzehn
67%
Vingt-deux
67%
Vingt-quatre
64%
Vingt cinq
64%
Vingt-et-un
64%
Vingt-trois
64%
Geen overeenkomende quizzen gevonden
Scoreverdeling
Procent van Mensen met Elke Score
Percentiel versus Aantal Correcte Antwoorden
Uw Scoregeschiedenis
U heeft deze quiz nog niet genomen